Statistiche per In quale squadra hanno giocato?

Clicka qui per fare il quiz!

Statistiche generali

  • Questo quiz è stato fatto 102 volte
  • Il punteggio medio è 34 su 52

Statistiche sulle risposte

HintRisposta% Corretto
Lionel
Messi
96%
96%
92%
91%
90%
90%
90%
87%
87%
87%
87%
87%
Cristiano
Ronaldo
84%
Gianluigi
Buffon
83%
83%
82%
82%
82%
82%
81%
81%
79%
78%
Neymar Jr
75%
74%
74%
74%
73%
Zlatan
Ibrahimovic
71%
Karim
Benzema
70%
70%
69%
69%
66%
66%
66%
65%
64%
63%
Sergio
Ramos
63%
52%
45%
33%
22%
19%
Olivier
Giroud
10%
9%
8%
Alisson
Becker
8%
8%
Sadio
Manè
6%
Mohamed
Salah
1%

Distribuzione punteggi

Percentile per numero di risposta

Percentuale di utenti per punteggio

I tuoi punteggi nel tempo

Non hai fatto questo quiz